| 000 | 00594nam a2200205Ia 4500 | ||
|---|---|---|---|
| 001 | 11530 | ||
| 003 | GE_BSU | ||
| 008 | 181216s||||||||xx |||||||||||||| ||und|| | ||
| 040 | _cGE_BSU | ||
| 080 | _a634.63 | ||
| 100 | _aლასარეიშვილი,ლ.ნ; გ.ბ.ზენაიშვილი. | ||
| 245 | _aზეთისხილის კულტურა. | ||
| 260 | _aთბილისი. | ||
| 260 | _bგ.გ | ||
| 260 | _c1995. | ||
| 300 | _a36გვ;20სმ. | ||
| 541 | _h2ლ. | ||
| 653 | _aზეთისხილის კულტურა. | ||
| 942 | _cBK | ||
| 999 |
_c44725 _d44725 |
||